00777nam a22002537a 45000010005000000030006000050050017000110080041000280200015000690400029000840500015001130820012001281000033001402450041001732500027002142600035002413000045002765050007003215200103003285210029004315210018004606500021004786510024004995166FISKH20250120081242.0241108b cb ||||| |||| 00| 0 eng d a0590411098 aFISKHbengcFISKHdFISKH aPZ7.H96165 a823.914 aHutchins, Patd(1942–2017) aThe doorbell rang /cby Pat Hutchins aFirst printing in 1987 aNew York :bScholastic,c1987. a22 pages :bColor illustrations ;c20 cm aG  aEach time the doorbell rings, there are more people who have come to share Ma's wonderful cookies.8 a341 bLexile estimate 8 aG bRaz-Plus  2FictionaFriends 2SharingaFriendship